| 000 | 00553 a2200193 4500 | ||
|---|---|---|---|
| 020 | _a0534408427 | ||
| 020 | _a0534423981 | ||
| 040 |
_aDLC _bDLC |
||
| 082 | 0 | 0 | _a530 |
| 100 | 1 | _aSerway, Raymond A. | |
| 245 | 1 | 0 |
_aPhysics for scientists and engineers _cRaymond A. Serway, John W. Jewett, Jr. |
| 250 | _a6th ed. | ||
| 260 |
_aBelmont, CA : _bThomson-Brooks/Cole, _cc2004. |
||
| 300 |
_a1 v. (various pagings) : _bill. (some col.) ; _c29 cm. |
||
| 500 | _aIncludes index. | ||
| 650 | 0 | _aPhysics. | |
| 700 | 1 | _aJewett, John W. | |
| 942 |
_cBK _k530 SER _2ddc |
||
| 999 |
_c4476 _d4476 |
||